000 00385nam a2200169Ia 4500
008 230524s9999 xx 000 0 und d
020 _a8176561061
082 _a5.133
_bKAN
100 _aYashavant Kanetkar
245 0 _aLet Us C ++
250 _a1ST
260 _aNEW DELHI
_bBPB
_c2002
300 _aXII;605
500 _aQuantity Number: 2
650 _aComp-Sc
942 _cBK
999 _c15545
_d15545